01186cam a22002771 4500001001300000003000400013005001700017008004100034010001700075035001900092040002300111042001200134050002100146110004700167245015100214260004800365300004600413500001700459500006800476500016700544500005200711700003400763700003100797740006300828999001700891agr40000090 DLC20260227110958.0800620s1940 dcub f000 0 eng  aagr40000090  a(OCoLC)6443891 aDLCcScUdScUdDLC apremarc00aS623b.U44 no. 91 aUnited States.bSoil Conservation Service.10aErosion and related land use conditions on the Spartanburg municipal reservoir watershed, South Carolina.cBy Turner C. Bass and Irving L. Martin. aWashingtonb[U.S. Govt. print. off.]c1940. a16 p.b2 maps (1 fold. in pocket)c23 cm. aCover-title. aIssued by U.S. Dept. of Agriculture. Soil Conservation Service. a"Field survey by Turner C. Bass, Irving L. Martin, Montague Howard, jr., William E. Jones, Roy P. Matelski, Boyd J. Patton, E.C. Sease, and R. H. Walker."-- p. 1. aIn pamphlet box with 16 additional folded maps.1 aBass, Turner Cheshire,d1906-1 aMartin, Irving Lee,d1902-0 aSpartanburg municipal reservoir watershed, South Carolina. c10006d10006